000 00545nam a22001817a 4500
005 20231115133739.0
008 231115b |||||||| |||| 00| 0 eng d
020 _a0702141569
041 _aEnglish
082 _a344.1 LAB
100 _aBrand, J et al.
_lEnglish
245 _aLabour Dispute Resolution /
_cJ Brand et al.
250 _aFirst Edition
260 _aCape Town :
_bJuta and Company Ltd,
_c1997
300 _bxxiii, 302 pages ;
_c25,5 cm.
650 _aLegal practice
_bLaw
942 _cBK
_6ALISON_BN_VRIES
999 _c686
_d686